000
00276nam a2200097Ia 4500
008
230206s9999 xx 000 0 und d
041
_a
eng
100
_a
Murthy E N, Ed.
_9
119290
245
_a
Marketing Mastermind : An IUP Publication
260
_c
2011
_b
IUP Publications
_a
Hyderabad
999
_c
97742
_d
97742